000 00512nam a2200169 i 4500
001 153765
003 ES-MaACL
005 20230906205358.0
008 990216s1879 sp |||| | spa d
110 1 _aEspaƱa.
_bMinisterio de Ultramar.
_93937
245 0 0 _aLey hipotecaria para la isla de Cuba.
250 _aEd. oficial.
260 _aMadrid :
_bImp. Nacional,
_c1879.
300 _a114 p. ;
_c22 cm.
650 4 _aHipotecas-
_zCuba-
_vLegislación.
_9136232
852 _aES-MaACL
_jB-9671(1)
_z- Enc. hol.
999 _c153765
_d153765